| 000 | 00621nam a2200157 4500 | ||
|---|---|---|---|
| 999 |
_c14005 _d14005 |
||
| 008 | 190724b ||||| |||| 00| 0 eng d | ||
| 082 |
_22019 _aUT 1331 _bAb97 |
||
| 100 |
_aAbuso, Anabel A. _938969 |
||
| 245 |
_a" HINDI KO KAYO NANAKAWAN": _bA FUNCTIONAL THEORY ANALYSIS OF 2016 PRESIDENTIAL TV AD CAMPAIGNS ON THE PRESIDENTIAL/ _cAnabel A. Abuso and Kristine M.Flores |
||
| 260 |
_aDigos City _bUMDC _cJanuary 2019 |
||
| 300 |
_a34 pages _c30 cm |
||
| 650 |
_aBachelor of Arts _vEnglish Language _xUndergraduate Thesis _938970 |
||
| 700 |
_aAbuso, Anabel A. _938969 |
||
| 700 |
_aFlores, Kristine M. _938971 |
||
| 942 |
_2ddc _cUT |
||